000 02043nam a2200265Ia 4500
999 _c55398
_d55398
001 22479
003 GE_BSU
005 20230321171540.0
008 181216s2006||||ge |||||||||||||| ||geo||
020 _a9994046322
040 _cGE_BSU
080 _a94(100)''15/18"(075.8) თ-53
100 _aთვალავაძე, ვაჟა
_917232
245 _aახალი ისტორია ნაკვ. 2 1815-1871 წლები :
_bსახელმძღვანელო /
_cვაჟა თვალავაძე ; რედ. სალომე დუნდუა.
264 _aთბილისი :
_bმერიდიანი,
_c2006.
300 _a295 გვ. :
_bილ. ;
_c21 სმ.
500 _aგარეკანის პირველ გვერდზე:1830წლის ივლისის რევოლუვია პარიზში.ქვემოთ1832წლის 27მაისს ქალაქ პფალცში,ჰამბახის ციხის ნანგრევებთან სახალხო დემონსტრაცია.გარეკანის მეორე გვერდზე :დანიაზე,ავსტრიაზე და საფრანგეთზე გამარჯვების აღსანიშნავად 1873წლის 2 სექტემბერს,ბერლინში,სამეფო მოედანზე აღმართული ძეგლი.
541 _h23ლ.
653 _aახალი ისტორია ნაკვ. 2 1815-1871 წლები
653 _aახალი ისტორიის სახელმძღვანელოები უმაღლესი სასწავლებლებისათვის
653 _aისტორია
653 _aმსოფლიოს ისტორია 1815-1871 წწ.
700 _aდუნდუა, სალომე
_eრედაქტორი
_99734
942 _cBK
_2udc